UK could lose out under CAP reforms (Record no. 73113)

MARC details
000 -LEADER
fixed length control field 01119cam a2200241 4500
001 - CONTROL NUMBER
control field WB3928-17
008 - FIXED-LENGTH DATA ELEMENTS--GENERAL INFORMATION
fixed length control field 030724n2003 000 0 eng u
035 ## - SYSTEM CONTROL NUMBER
System control number (Sirsi) u123124
245 ## - TITLE STATEMENT
Title UK could lose out under CAP reforms
260 ## - PUBLICATION, DISTRIBUTION, ETC.
Date of publication, distribution, etc. 2003
490 ## - SERIES STATEMENT
Series statement RICS Press Release
Volume/sequential designation (pr074) 22 July 2003 (2)
520 ## - SUMMARY, ETC.
Summary, etc. The UK could be penalised again under the recent CAP reforms if tenants and landlords do not work together to safeguard subsidy entitlements, according to RICS. Under new measures, a high proportion of EU support payments will be decoupled from specific parcels of land as from January 2005. In the meantime, changes in occupation could lead to the loss of entitlements, thus adversely affecting both a vacating tenant and the owner of the freehold. http://www.rics.org/ricscms/bin/show?class=PressRelease&template=/includes/showpr.html&id=963&faculty=RICS
590 ## - LOCAL NOTE (RLIN)
Local note WB
650 ## - SUBJECT ADDED ENTRY--TOPICAL TERM
Topical term or geographic name entry element CAP REFORMS
650 ## - SUBJECT ADDED ENTRY--TOPICAL TERM
Topical term or geographic name entry element RICS
650 ## - SUBJECT ADDED ENTRY--TOPICAL TERM
Topical term or geographic name entry element SUBSIDIES
650 ## - SUBJECT ADDED ENTRY--TOPICAL TERM
Topical term or geographic name entry element PARCELS OF LAND
650 ## - SUBJECT ADDED ENTRY--TOPICAL TERM
Topical term or geographic name entry element ENTITLEMENT
650 ## - SUBJECT ADDED ENTRY--TOPICAL TERM
Topical term or geographic name entry element LANDLORDS
650 ## - SUBJECT ADDED ENTRY--TOPICAL TERM
Topical term or geographic name entry element TENANTS
690 ## - LOCAL SUBJECT ADDED ENTRY--TOPICAL TERM (OCLC, RLIN)
Topical term or geographic name as entry element Rural
9 (RLIN) 6268
942 ## - ADDED ENTRY ELEMENTS (KOHA)
Suppress in OPAC 0
Holdings
Withdrawn status Lost status Source of classification or shelving scheme Damaged status Not for loan Home library Current library Shelving location Date acquired Total Checkouts Full call number Barcode Date last seen Copy number Price effective from Koha item type
    Dewey Decimal Classification     London London News article 24/07/2003   WB3928-17 123124-1001 06/08/2019 1 06/08/2019 News article